000 00281nam a2200109Ia 4500
008 190216s9999||||xx |||||||||||||| ||und||
100 _aEalam Kulam Kunjan Pilla
245 0 _aMalayalam-Samskarathinde Nazhika Kallukal
260 _bNbs Kottayam
650 _aMalayalam
942 _cBK
999 _c25103
_d25103